Statistiques concernant Pays de D8

Cliquez ici pour prendre le quiz!

Statistiques générales

  • Ce quiz a été pris 10 fois
  • Le résultat moyen est 5 sur 8

Statistiques - réponses

Answer % Correct
Egypte
83%
Iran
83%
Pakistan
67%
Turquie
67%
Nigéria
67%
Malaisie
67%
Indonésie
67%
Bangladesh
33%

Distribution des résultats

Percentile by Number Answered

% des personnes avec chaque résultat

Votre développement - résultats

Vous n’avez pas pris ce quiz